000 00704nam a22002297a 4500
005 20170124110224.0
010 _aA-948834
020 _c00.00
_a8185565945
035 _aA-948834
037 _bCen Lib/Ret
040 _aDPL
_bEN
082 _a305.24
_bUPL
100 _aUplaonkar, Ambarao T.
_940362
245 _aRural youth in modern India /
_cby Ambarao T. Uplaonkar
260 _aNew Delhi
_bUppal Publishing House
_c1998
270 _bNew Delhi
_a3, Ansari road, Daryaganj
_e110002
300 _axvi,306p.
_c22cm(Hb)
500 _aIncludes bibliographical references
650 _aRural youth
_940363
650 _aYouth
_zIndia
_940364
942 _2ddc
_cEN
_h305.24
_mUPL
999 _c134297
_d134297